En busca del tesoro escondido
I tiakina i:
| Kaituhi matua: | |
|---|---|
| Hōputu: | Pukapuka |
| Reo: | Pāniora |
| I whakaputaina: |
Santiago
Universidad Católica de Chile
1994
|
| Ngā marau: | |
| Ngā Tūtohu: |
Tāpirihia he Tūtohu
Kāore He Tūtohu, Me noho koe te mea tuatahi ki te tūtohu i tēnei pūkete!
|
MARC
| LEADER | 00000nam a2200000 a 4500 | ||
|---|---|---|---|
| 001 | UCZ9883 | ||
| 003 | CL-VaPUC | ||
| 005 | 20241128160123.0 | ||
| 008 | 960312e19940000CL |||||||||||||||||spa|d | ||
| 999 | |c 244934 |d 244932 | ||
| 040 | |c Pontificia Universidad Católica de Valparaíso | ||
| 082 | 0 | 4 | |a 248 |b CAS |2 21 |
| 100 | 0 | |a Castro, Juan de |e author |9 354835 | |
| 245 | 1 | 0 | |a En busca del tesoro escondido |
| 246 | 1 | 0 | |a Espiritualidad cristiana y psicología junguiana |
| 260 | |a Santiago |b Universidad Católica de Chile |c 1994 | ||
| 300 | |a 226 p | ||
| 583 | |a last modification |c 19960312 00:00:00 |k Rodrigo Vera | ||
| 600 | 0 | |a Jung, Carl Gustav, |d 1875-1961 |9 858599 | |
| 650 | 0 | |a Experiencia religiosa |9 315549 | |
| 650 | 0 | |a Espiritualidad |9 267331 | |
| 650 | 0 | |a Psicología |9 257863 | |
| 852 | |a BIBCUR | ||
| 942 | |c BK |2 ddc | ||
| 945 | |d 19960312 00:00:00 |a aalvarez | ||
| 952 | |0 0 |1 0 |4 0 |6 248_000000000000000_CAS_1994 |7 0 |8 A |9 259220 |a BIBTEO |b BIBTEO |d 2019-11-19 |i 3158160 |o 248 CAS 1994 |p 3158160 |r 2025-01-17 |w 2019-11-19 |y BK |k ICR | ||